000 00425nam a2200181Ia 4500
005 20250423101333.0
008 250422s9999 xx 000 0 und d
020 _a0262161044
050 _aHB 61 .M49/
245 4 _aThe MIT dictionary of modern economics
250 _a3rd ed.
260 _aCambridge
260 _bMIT Press
260 _c1986
300 _a462 p
650 _aEconomics_Dictionaries.
942 _cBK
999 _c36011
_d36011